000 00664cam a2200229ua 4500
001 1493
005 20260515113336.0
008 111125n ii |||gr||||Z||||||eng
020 _a81-250-2730-0
020 _a978-81-250-2730-0
040 _cMAIN
082 _a330.954
100 _aRaychaudhuri, Tapan,
_eed. by author.
245 1 _aThe cambridge economic history of india vol-i c. 1200- c. 1750
_ced. by Tapan raychaudhuri
250 _a1st.
260 _aHyderabad:
_bOrient Longman ltd.,
_c2007.
300 _axvi; 543p:
_c23cm.
653 _aEconomics
653 _acambridge economics history
700 _aHabib, Irfan,
_eed. by author.
942 _cBK
999 _c1382
_d1382